书目信息 |
| 题名: |
从失落到接纳
|
|
| 作者: | 张英熙 著 | |
| 分册: | ||
| 出版信息: | 台北 心理出版社股份有限公司 2013 |
|
| 页数: | 22,324页 | |
| 开本: | 23cm | |
| 丛书名: | 障碍教育系列 | |
| 单 册: | ||
| 中图分类: | B844.3-53 | |
| 科图分类: | ||
| 主题词: | 残疾人--儿童--家长--心理辅导--台湾--文集 , 残疾人 , 儿童 , 家长 , 心理辅导 | |
| 电子资源: | ||
| ISBN: | 978-986-191-526-5 | |
| 000 | 00792nam0 2200277 450 | |
| 001 | 1534504127 | |
| 005 | 20150201093533.81 | |
| 010 | @a978-986-191-526-5@dTWD400.00 | |
| 100 | @a20140727d2013 em y0chiy50 ea | |
| 101 | 0 | @achi |
| 102 | @aCN@b710000 | |
| 105 | @aa z 000yy | |
| 200 | 1 | @a从失落到接纳@9cong shi luo dao jie na@e特殊儿童家长心理支持团体实务@f张英熙著 |
| 210 | @a台北@c心理出版社股份有限公司@d2013 | |
| 215 | @a22,324页@d23cm | |
| 225 | 1 | @a障碍教育系列@v63119 |
| 461 | 0 | @12001 @a障碍教育系列 |
| 606 | 0 | @a残疾人@x儿童@x家长@x心理辅导@y台湾@j文集 |
| 606 | 0 | @a残疾人 |
| 606 | 0 | @a儿童 |
| 606 | 0 | @a家长 |
| 606 | 0 | @a心理辅导 |
| 690 | @aB844.3-53@v5 | |
| 701 | 0 | @a张英熙@9zhang ying xi@4著 |
| 801 | 0 | @aCN@bTSSF@c20150201 |
| 905 | @aZUCC@dB844.3-53@eJY1 | |
| 从失落到接纳:特殊儿童家长心理支持团体实务/张英熙著.-台北:心理出版社股份有限公司,2013 |
| 22,324页;23cm.-(障碍教育系列;63119) |
| ISBN 978-986-191-526-5:TWD400.00 |
| ● |
| 相关链接 |
|
|
|
|
正题名:从失落到接纳
索取号:B844.3-53/JY1
 
预约/预借
| 序号 | 登录号 | 条形码 | 馆藏地/架位号 | 状态 | 备注 |
| 1 | 7864563 | 278645637 | 学院路分馆/ [索取号:B844.3-53/JY1] | 在馆 | |
| 2 | 7864564 | 278645646 | 学院路分馆/ [索取号:B844.3-53/JY1] | 在馆 |